|
|
|
|
| LEADER |
00000cam a2200000 7i4500 |
| 001 |
0000000617 |
| 005 |
20151222.0 |
| 008 |
070702 |
| 020 |
|
|
|a 9830212327(set)
|
| 020 |
|
|
|a 9830212408
|
| 090 |
0 |
0 |
|a JF
|b MAL (332)
|
| 100 |
0 |
|
|a S. Shahril
|
| 245 |
1 |
0 |
|a Gemersik suara hati
|c S. Shahril
|
| 260 |
|
|
|a Selangor :
|b Pustaka Angsana ,
|c 2003
|
| 440 |
|
0 |
|a Siri novel menggapai impian
|
| 500 |
|
|
|a Children ages 7-9 years old (orange)
|
| 650 |
|
0 |
|a Malay fiction
|
| 999 |
|
|
|a 0000007813
|b Book
|c Children Collection
|e Cawangan Taman Universiti
|
| 999 |
|
|
|a 0000007814
|b Book
|c Children Collection
|e Cawangan Taman Universiti
|
| 999 |
|
|
|a 0000007815
|b Book
|c Children Collection
|e Cawangan Taman Universiti
|
| 999 |
|
|
|a 0000007816
|b Book
|c Children Collection
|e Cawangan Taman Universiti
|
| 999 |
|
|
|a 0000886179
|b Book
|c Children Collection
|e Cawangan Mersing
|
| 999 |
|
|
|a 0000958918
|b Book
|c Children Collection
|e Perbadanan Perpustakaan Awam Johor
|
| 999 |
|
|
|a 0000958920
|b Book
|c Children Collection
|e Cawangan Kota Tinggi
|
| 999 |
|
|
|a 0000958921
|b Book
|c Children Collection
|e Perbadanan Perpustakaan Awam Johor
|
| 999 |
|
|
|a 0000958922
|b Book
|c Children Collection
|e Perbadanan Perpustakaan Awam Johor
|
| 999 |
|
|
|a 0001054654
|b Book
|c Children Collection
|e Cawangan Taman Universiti
|
| 999 |
|
|
|a 0001054655
|b Book
|c Children Collection
|e Cawangan Bukit Gambir
|
| 999 |
|
|
|a 0001054656
|b Book
|c Children Collection
|e Cawangan Taman Universiti
|
| 999 |
|
|
|a 000886177
|b Book
|c Children Collection
|e Cawangan Muar
|